000 00556nam a2200193Ia 4500
003 GCL
008 140319s9999 xx 000 0 ara d
040 _aGCL /
_cGCL
082 0 4 _a953.0716
_bخ م
100 1 _aمحمد رضوان الداية
245 1 0 _aاخر ايام غرناطة /
_cمحمد رضوان الداية
300 _a190 ص
490 _aدراسات اندلسية
_v0
650 0 4 _aالاندلس
650 0 4 _aالتاريخ الاسلامى
650 0 4 _aغرناطة
650 0 4 _aدولة بنى نصر
942 _2ddc
_cBK
999 _c45980
_d45980